27 leyes del marketing (Registro nro. 21600)

Detalles MARC
000 -Cabecera
Campo de control interno 00994nam a2200253Ia 4500
005 - Fecha y hora del registro
control field 20260416112401.0
008 - Elementos de Longitud Fija
fixed length control field 260320s9999||||xx |||||||||||||| ||und||
020 ## - ISBN
ISBN 9972321673
041 ## - Idioma
Codigo Idioma ESP
082 ## - DEWEY y NOTACIÓN INTERNA
Dewey 658.8
Notación Interna M84
100 ## - AUTOR
Autor denominación Montesinos C., Jaime,
Término de relación autor
245 #0 - TÍTULO DE MATERIAL BIBLIOGRÁFICO
Título 27 leyes del marketing
250 ## - EDICIÓN
Edición Primera edición
260 ## - CIUDAD, EDITORIAL, AÑO
Ciudad Lima :
Nombre de la Editorial Editora Palomino,
Año 2006
300 ## - DESCRIPCIÓN
N° Páginas 119 páginas :
Dimensiones 21 cm.
650 ## - TEMAS
Temas Tecnología (Ciencias Aplicadas)
653 ## - DESCRIPTORES
Lenguajes no controlado Marketing - Perú
654 ## - PROGRAMAS
Programa Dpto. de Administración de Negocios
856 ## - URL - UBICACIÓN
URI/URL: Enlace exacto del recurso <a href="https://0u213wpti-y-https-ebooks7--24-com.itmsp.museknowledge.com/biblioteca.aspx">https://0u213wpti-y-https-ebooks7--24-com.itmsp.museknowledge.com/biblioteca.aspx</a>
Nota pública: Versión digital <a href="Véase además: Base de datos Ebook7-24">Véase además: Base de datos Ebook7-24</a>
856 ## - URL - UBICACIÓN
URI/URL: Enlace exacto del recurso <a href="https://0u20fwpu6-y-https-research-ebsco-com.itmsp.museknowledge.com/c/qxo6us/search">https://0u20fwpu6-y-https-research-ebsco-com.itmsp.museknowledge.com/c/qxo6us/search</a>
Nota pública: Versión digital <a href="Véase además: Base de datos EBSCOhost">Véase además: Base de datos EBSCOhost</a>
856 ## - URL - UBICACIÓN
URI/URL: Enlace exacto del recurso <a href="https://0u20vwpud-y-https-ebookcentral-proquest-com.itmsp.museknowledge.com/lib/catolicasp/home.action">https://0u20vwpud-y-https-ebookcentral-proquest-com.itmsp.museknowledge.com/lib/catolicasp/home.action</a>
Nota pública: Versión digital <a href="Véase además: Base de datos ProQuest Ebook Central">Véase además: Base de datos ProQuest Ebook Central</a>
942 ## - ELEMENTOS DE KOHA
Tipo de documento Libro
Nombre del creador Justo Noguera
Código de catalogador Margarita Torres
Esquema de clasificación Dewey Decimal Classification
Existencias
Codigo completo Registro Colección Copia número Disponibilidad Tipo de préstamo Biblioteca Actual Procedencia (Biblioteca) Ubicacón Fecha Ingreso Tipo de Adquisición Observación Date last seen Total checkouts Price effective from Tipo de Item Estado del Material Fuente de Clasificación Damaged status Withdrawn status
658.8 M84 1084972 Universidad Católica San Pablo 1 Disponible Disponible Víctor Andrés Belaunde Víctor Andrés Belaunde Planta baja cerrada 10/03/2026 Compra Contabilidad 20/03/2026   20/03/2026 Libro Bueno Dewey Decimal Classification